Brawl Stars: Brawler Prestige Titles - Statistics

General Stats
  • This quiz has been taken 72 times
  • The average score is 16 of 101
Answer Stats
Brawler Title % Correct
Shelly Fantástico
61%
Colt PEW PEW PEW
49%
Edgar EZ
31%
Brock Take the L
31%
Eve Mommy
27%
Nita Wild
27%
Poco Goes Loco
25%
Carl IQ too high
25%
Sandy Zzzz...
25%
Crow Boss of Bosses
24%
8-Bit Game Over
24%
Melodie Melodian
24%
Buster Absolute Cinema
22%
Chester Joker
22%
Trunk We are trunk!
22%
Pierce Bad cop
20%
Dynamike BOOMBASTIC
20%
Hank Lil' Tenant
20%
Griff Money, Money, Money
20%
Gigi Ballerina
18%
Janet Big sis
18%
Mina Breakdancer
18%
Mortis Bringer of Doom
18%
Finx Cat Lover
18%
Lola Diva
18%
Shade Ghosting you
18%
Meg Heavy Metal
18%
Tick Hot-headed
18%
Kaze Like the wind
18%
Glowbert Needs a friend
18%
Gray Shhhh!
18%
Squeak Squishy
18%
Mr.P The biggest bird
18%
Darryl The Captain
18%
Rico Trickshot Pro
18%
Bea Bee Kind!
16%
Lou Brainfreeze
16%
Pearl Cookie Lover
16%
Mandy FREE CANDY
16%
Bibi Grand Slam
16%
Piper Headshots only
16%
Meeple My game, my rules!
16%
Leon Now you see me...
16%
Larry & Lawrie Obey or Pay!
16%
Grom Red Hood
16%
Gale Retired
16%
Berry Sweet Dreams
16%
Penny The Rebel
16%
Jessie Will fix it
16%
Rosa Blooming
14%
Bull Don't mess with me
14%
Lumi Hot & Cold
14%
Sirius In the shadows
14%
Amber is on fire!
14%
Surge Juicy
14%
Otis Muted
14%
Ollie Pro Skater
14%
Emz ratio
14%
Max Too fast
14%
Bonnie Toothbreaker
14%
Ruffs Top Dog
14%
R-T Watching you
14%
Byron Will end you
14%
Sprout With love
14%
Nani You okay?
14%
Gus Balloon Boy
12%
Colette Brawl Stars Forever!
12%
Chuck Can't Stop, Won't Stop
12%
Frank Certified Lobotomy
12%
Kenji Chopped
12%
Jacky Don't #@%$ with me!
12%
Jae-Yong Employee of the month
12%
Barley Last Call
12%
Ziggy Master of Thunder
12%
Bo Patience is the key
12%
Moe Say cheese!
12%
El Primo Sin dolor, no hay gloria!
12%
Spike Speechless
12%
Angelo Spilling the tea
12%
Buzz Stay Hydrated
12%
Stu Test Dummy
12%
Ash Trashy
12%
Pam You got scrapped!
12%
Willow Control Freak
10%
Juju Devil in Disguise
10%
Fang One Kick Man
10%
Maisie Pop and Lock
10%
Lily Right behind you
10%
Alli Stalker
10%
Gene Ablablababa
8%
Doug Chill, bro
8%
Mico Going Bananas
8%
Charlie Main Attraction
8%
Belle Most Wanted
8%
Najia Snake Charmer
8%
Cordelius Spore Warden
8%
Sam Done & Dusted
6%
Tara Future Demise
6%
Draco Master of Metal
6%
Kit Puurfect
6%
Clancy No Mercy
4%
No matching quizzes found
Score Distribution
Percent of People with Each Score
Percentile by Number Answered
Your Score History
You have not taken this quiz